The Official index to the Times.

Bibliographic Details
New Title:Index to the Times
Previous Title:Annual index to the Times
Monthly index to the Times
Format: Journal
Language:English
Published: Nendeln/Liechtenstein : Kraus Reprint, 1968.
Subjects:

MARC

Tag First Indicator Second Indicator Subfields
LEADER 00000cas a2200000 a 4500
001 in00000069923
005 20151008055919.0
008 751019d19141957enkbr p i 0 a0engm
010 |a sn 85019900   |z  15004479  
035 |a (OCoLC)01714051 
035 |9 AAJ4705AM 
040 |a DLC  |c MUL  |d IUL  |d IXA  |d OCL  |d HUL  |d NST  |d EYM  |d TXA  |d UtOrBLW 
049 |a TXAI 
050 0 0 |a AI21  |b .T46 
245 0 4 |a The Official index to the Times. 
264 1 |a Nendeln/Liechtenstein :  |b Kraus Reprint,  |c 1968. 
300 |a volumes ;  |c 26 cm. 
310 |a Bimonthly Jan/Feb. 1957. 
321 |a Semiannually,  |b Jan.-Jun. 1914. 
321 |a Quarterly,  |b July 1914-Oct./Dec. 1956. 
336 |a text  |b txt  |2 rdacontent 
337 |a unmediated  |b n  |2 rdamedia 
338 |a volume  |b nc  |2 rdacarrier 
362 0 |a Jan./June 1941-Jan./Feb. 1957. 
500 |a Reprint. Originally published by : Times Publishing, London, England. 
650 0 |a Newspapers  |v Indexes. 
730 0 |a Times (London, England) 
780 0 0 |t Annual index to the Times  |w (OCoLC)1604410 
780 0 5 |t Monthly index to the Times  |g Jul. 1914 
785 0 0 |t Index to the Times  |w (OCoLC)1779331 
999 |a MARS 
999 f f |s 609fbc63-79a7-3fab-bc99-baac38e34a3f  |i ca60c57e-8fbd-3b43-a4a1-1d7857dfa947  |t 0 
952 f f |p 4_hour  |a Texas A&M University  |b College Station  |c Sterling C. Evans Library  |d Evans: Microforms Reference (3rd floor)  |t 0  |e AI21 .T46  |h Library of Congress classification  |i unmediated -- volume  |l 1947:Jan./June  |m A14826093620 
952 f f |p 4_hour  |a Texas A&M University  |b College Station  |c Sterling C. Evans Library  |d Evans: Microforms Reference (3rd floor)  |t 0  |e AI21 .T46  |h Library of Congress classification  |i unmediated -- volume  |l 1945:July/Dec.  |m A14826093971 
952 f f |p 4_hour  |a Texas A&M University  |b College Station  |c Sterling C. Evans Library  |d Evans: Microforms Reference (3rd floor)  |t 0  |e AI21 .T46  |h Library of Congress classification  |i unmediated -- volume  |l 1957:July/Dec.  |m A14826093866 
952 f f |p 4_hour  |a Texas A&M University  |b College Station  |c Sterling C. Evans Library  |d Evans: Microforms Reference (3rd floor)  |t 0  |e AI21 .T46  |h Library of Congress classification  |i unmediated -- volume  |l 1952:July/Dec.  |m A14826093719 
952 f f |p 4_hour  |a Texas A&M University  |b College Station  |c Sterling C. Evans Library  |d Evans: Microforms Reference (3rd floor)  |t 0  |e AI21 .T46  |h Library of Congress classification  |i unmediated -- volume  |l 1947:July/Dec.  |m A14826093662 
952 f f |p 4_hour  |a Texas A&M University  |b College Station  |c Sterling C. Evans Library  |d Evans: Microforms Reference (3rd floor)  |t 0  |e AI21 .T46  |h Library of Congress classification  |i unmediated -- volume  |l 1946:July/Dec.  |m A14826093581 
952 f f |p 4_hour  |a Texas A&M University  |b College Station  |c Sterling C. Evans Library  |d Evans: Microforms Reference (3rd floor)  |t 0  |e AI21 .T46  |h Library of Congress classification  |i unmediated -- volume  |l 1946:Jan./June  |m A14826093549 
952 f f |p 4_hour  |a Texas A&M University  |b College Station  |c Sterling C. Evans Library  |d Evans: Microforms Reference (3rd floor)  |t 0  |e AI21 .T46  |h Library of Congress classification  |i unmediated -- volume  |l 1950:Jan./June  |m A14826093743 
952 f f |p 4_hour  |a Texas A&M University  |b College Station  |c Sterling C. Evans Library  |d Evans: Microforms Reference (3rd floor)  |t 0  |e AI21 .T46  |h Library of Congress classification  |i unmediated -- volume  |l 1953:Jan./June  |m A14826093751 
952 f f |p 4_hour  |a Texas A&M University  |b College Station  |c Sterling C. Evans Library  |d Evans: Microforms Reference (3rd floor)  |t 0  |e AI21 .T46  |h Library of Congress classification  |i unmediated -- volume  |l 1942:July/Dec.  |m A14826093777 
952 f f |p 4_hour  |a Texas A&M University  |b College Station  |c Sterling C. Evans Library  |d Evans: Microforms Reference (3rd floor)  |t 0  |e AI21 .T46  |h Library of Congress classification  |i unmediated -- volume  |l 1956:Jan./June  |m A14826093573 
952 f f |p 4_hour  |a Texas A&M University  |b College Station  |c Sterling C. Evans Library  |d Evans: Microforms Reference (3rd floor)  |t 0  |e AI21 .T46  |h Library of Congress classification  |i unmediated -- volume  |l 1949:July/Dec.  |m A14826093557 
952 f f |p 4_hour  |a Texas A&M University  |b College Station  |c Sterling C. Evans Library  |d Evans: Microforms Reference (3rd floor)  |t 0  |e AI21 .T46  |h Library of Congress classification  |i unmediated -- volume  |l 1949:Jan./June  |m A14826093515 
952 f f |p 4_hour  |a Texas A&M University  |b College Station  |c Sterling C. Evans Library  |d Evans: Microforms Reference (3rd floor)  |t 0  |e AI21 .T46  |h Library of Congress classification  |i unmediated -- volume  |l 1954:Jan./June  |m A14826093442 
952 f f |p 4_hour  |a Texas A&M University  |b College Station  |c Sterling C. Evans Library  |d Evans: Microforms Reference (3rd floor)  |t 0  |e AI21 .T46  |h Library of Congress classification  |i unmediated -- volume  |l 1948:Jan./June  |m A14826093701 
952 f f |p 4_hour  |a Texas A&M University  |b College Station  |c Sterling C. Evans Library  |d Evans: Microforms Reference (3rd floor)  |t 0  |e AI21 .T46  |h Library of Congress classification  |i unmediated -- volume  |l 1951:Jan./June  |m A14826093599 
952 f f |p 4_hour  |a Texas A&M University  |b College Station  |c Sterling C. Evans Library  |d Evans: Microforms Reference (3rd floor)  |t 0  |e AI21 .T46  |h Library of Congress classification  |i unmediated -- volume  |l 1948:July/Dec.  |m A14826093476 
952 f f |p 4_hour  |a Texas A&M University  |b College Station  |c Sterling C. Evans Library  |d Evans: Microforms Reference (3rd floor)  |t 0  |e AI21 .T46  |h Library of Congress classification  |i unmediated -- volume  |l 1956:July/Dec.  |m A14826093468 
952 f f |p 4_hour  |a Texas A&M University  |b College Station  |c Sterling C. Evans Library  |d Evans: Microforms Reference (3rd floor)  |t 0  |e AI21 .T46  |h Library of Congress classification  |i unmediated -- volume  |l 1945:Jan./June  |m A14826093939 
952 f f |p 4_hour  |a Texas A&M University  |b College Station  |c Sterling C. Evans Library  |d Evans: Microforms Reference (3rd floor)  |t 0  |e AI21 .T46  |h Library of Congress classification  |i unmediated -- volume  |l 1944:July/Dec.  |m A14826093890 
952 f f |p 4_hour  |a Texas A&M University  |b College Station  |c Sterling C. Evans Library  |d Evans: Microforms Reference (3rd floor)  |t 0  |e AI21 .T46  |h Library of Congress classification  |i unmediated -- volume  |l 1952:Jan./June  |m A14826093670 
952 f f |p 4_hour  |a Texas A&M University  |b College Station  |c Sterling C. Evans Library  |d Evans: Microforms Reference (3rd floor)  |t 0  |e AI21 .T46  |h Library of Congress classification  |i unmediated -- volume  |l 1957:Jan./June  |m A14826093824 
952 f f |p 4_hour  |a Texas A&M University  |b College Station  |c Sterling C. Evans Library  |d Evans: Microforms Reference (3rd floor)  |t 0  |e AI21 .T46  |h Library of Congress classification  |i unmediated -- volume  |l 1951:July/Dec.  |m A14826093638 
952 f f |p 4_hour  |a Texas A&M University  |b College Station  |c Sterling C. Evans Library  |d Evans: Microforms Reference (3rd floor)  |t 0  |e AI21 .T46  |h Library of Congress classification  |i unmediated -- volume  |l 1941:July/Dec.  |m A14826093696 
952 f f |p 4_hour  |a Texas A&M University  |b College Station  |c Sterling C. Evans Library  |d Evans: Microforms Reference (3rd floor)  |t 0  |e AI21 .T46  |h Library of Congress classification  |i unmediated -- volume  |l 1950:July/Dec.  |m A14826093785 
952 f f |p 4_hour  |a Texas A&M University  |b College Station  |c Sterling C. Evans Library  |d Evans: Microforms Reference (3rd floor)  |t 0  |e AI21 .T46  |h Library of Congress classification  |i unmediated -- volume  |l 1941:Jan./June  |m A14826093654 
952 f f |p 4_hour  |a Texas A&M University  |b College Station  |c Sterling C. Evans Library  |d Evans: Microforms Reference (3rd floor)  |t 0  |e AI21 .T46  |h Library of Congress classification  |i unmediated -- volume  |l 1944:Jan./June  |m A14826093858 
952 f f |p 4_hour  |a Texas A&M University  |b College Station  |c Sterling C. Evans Library  |d Evans: Microforms Reference (3rd floor)  |t 0  |e AI21 .T46  |h Library of Congress classification  |i unmediated -- volume  |l 1943:Jan./June  |m A14826093816 
952 f f |p 4_hour  |a Texas A&M University  |b College Station  |c Sterling C. Evans Library  |d Evans: Microforms Reference (3rd floor)  |t 0  |e AI21 .T46  |h Library of Congress classification  |i unmediated -- volume  |l 1955:July/Dec.  |m A14826093793 
952 f f |p 4_hour  |a Texas A&M University  |b College Station  |c Sterling C. Evans Library  |d Evans: Microforms Reference (3rd floor)  |t 0  |e AI21 .T46  |h Library of Congress classification  |i unmediated -- volume  |l 1955:Jan./June  |m A14826093523 
952 f f |p 4_hour  |a Texas A&M University  |b College Station  |c Sterling C. Evans Library  |d Evans: Microforms Reference (3rd floor)  |t 0  |e AI21 .T46  |h Library of Congress classification  |i unmediated -- volume  |l 1953:July/Dec.  |m A14826093400 
952 f f |p 4_hour  |a Texas A&M University  |b College Station  |c Sterling C. Evans Library  |d Evans: Microforms Reference (3rd floor)  |t 0  |e AI21 .T46  |h Library of Congress classification  |i unmediated -- volume  |l 1942:Jan./June  |m A14826093735 
952 f f |p 4_hour  |a Texas A&M University  |b College Station  |c Sterling C. Evans Library  |d Evans: Microforms Reference (3rd floor)  |t 0  |e AI21 .T46  |h Library of Congress classification  |i unmediated -- volume  |l 1943:July/Dec.  |m A14826093507 
952 f f |p 4_hour  |a Texas A&M University  |b College Station  |c Sterling C. Evans Library  |d Evans: Microforms Reference (3rd floor)  |t 0  |e AI21 .T46  |h Library of Congress classification  |i unmediated -- volume  |l 1954:July/Dec.  |m A14826093484 
998 f f |a AI21 .T46  |s 1941-1957  |t 0  |l Evans: Microforms Reference (3rd floor)